[Event "Titled Tuesday intern op 12th May"]
[Site "Chess.com INT"]
[Date "2020.05.12"]
[Round "7"]
[White "Kane, Hary"]
[Black "Hadzimanolis, Antonios"]
[Result "1-0"]
[WhiteElo "2605"]
[BlackElo "2214"]
[PlyCount "85"]
[EventDate "2020.05.12"]
[EventType "swiss (blitz)"]
[EventRounds "10"]
[EventCountry "USA"]
[SourceTitle "EXT 2021"]
[Source "ChessBase"]
[SourceDate "2020.10.23"]
[SourceVersion "1"]
[SourceVersionDate "2020.10.23"]
[SourceQuality "1"]

1. e4 e5 2. Nf3 Nc6 3. d4 exd4 4. Bc4 Nf6 5. e5 d5 6. Bb5 Ne4 7. Nxd4 Bc5 8. Be3 Bd7 9. Bxc6 bxc6 10. 0-0 0-0 11. f3 Ng5 12. f4 Ne6 13. Qd2 f6 14. Nxe6 Bxe3+ 15. Qxe3 Bxe6 16. Nd2 fxe5 17. fxe5 Rxf1+ 18. Rxf1 d4 19. Qf4 Qd5 20. Nf3 Rf8 21. Qh4 h6 22. Nxd4 Rxf1+ 23. Kxf1 Qxe5 24. Qd8+ Kh7 25. Nxe6 Qxe6 26. Qd3+ Kg8 27. Qb3 Qd5 28. Kf2 Kf7 29. Qxd5+ cxd5 30. Ke3 Ke6 31. Kd4 Kd6 32. b4 a5 33. bxa5 c5+ 34. Ke3 Kc6 35. Kf4 Kb5 36. Ke5 d4 37. Kd5 Kb4 38. a6 Kc3 39. a7 Kxc2 40. a8Q d3 41. Kxc5 d2 42. Qe4+ Kb2 43. Qd4+ 1-0

[Event "Titled Tuesday intern op 12th May"]
[Site "Chess.com INT"]
[Date "2020.05.12"]
[Round "5"]
[White "Kane, Hary"]
[Black "McConnell, Sullivan Mac"]
[Result "1-0"]
[WhiteElo "2598"]
[BlackElo "1895"]
[PlyCount "99"]
[EventDate "2020.05.12"]
[EventType "swiss (blitz)"]
[EventRounds "10"]
[EventCountry "USA"]
[SourceTitle "EXT 2021"]
[Source "ChessBase"]
[SourceDate "2020.10.23"]
[SourceVersion "1"]
[SourceVersionDate "2020.10.23"]
[SourceQuality "1"]

1. e4 e6 2. d4 d5 3. Nd2 Nf6 4. e5 Nfd7 5. Bd3 c5 6. c3 Nc6 7. Ne2 Qb6 8. Nf3 Be7 9. 0-0 h6 10. Re1 g5 11. h3 cxd4 12. cxd4 a5 13. Rb1 Nb4 14. Be3 Nxa2 15. Ng3 Nb4 16. Nh5 Nxd3 17. Qxd3 Qa6 18. Qd2 Bb4 19. Qc2 Bxe1 20. Rxe1 Qc6 21. Qb1 b5 22. Rc1 Qb6 23. Nh2 Ba6 24. Ng4 Rc8 25. Re1 b4 26. h4 Qb5 27. Nhf6+ Nxf6 28. Nxf6+ Ke7 29. hxg5 hxg5 30. Bxg5 Kf8 31. Qd1 Qd3 32. Qa4 Qe2 33. Rxe2 Bxe2 34. f3 Rc7 35. Qxa5 Rb7 36. Ng4 Bxf3 37. Qd8+ Kg7 38. Qf6+ Kf8 39. gxf3 Rg8 40. Qh6+ Ke8 41. Nf6+ Kd8 42. Nxg8+ Ke8 43. Nf6+ Kd8 44. Qf8+ Kc7 45. Qd6+ Kc8 46. Nxd5 Rd7 47. Nb6+ Kb7 48. Nxd7 b3 49. Nc5+ Ka7 50. Qc7+ 1-0

[Event "Titled Tuesday intern op 5th May"]
[Site "Chess.com INT"]
[Date "2020.05.05"]
[Round "4"]
[White "Nikanova, Ekaterina"]
[Black "Kane, Hary"]
[Result "0-1"]
[WhiteElo "2116"]
[BlackElo "2598"]
[PlyCount "100"]
[EventDate "2020.05.05"]
[EventType "swiss (blitz)"]
[EventRounds "10"]
[EventCountry "USA"]
[SourceTitle "EXT 2021"]
[Source "ChessBase"]
[SourceDate "2020.10.23"]
[SourceVersion "1"]
[SourceVersionDate "2020.10.23"]
[SourceQuality "1"]

1. e4 e6 2. d4 d5 3. Nc3 Nf6 4. Bg5 Be7 5. e5 Nfd7 6. Bxe7 Qxe7 7. f4 0-0 8. Nf3 c5 9. dxc5 Qxc5 10. Qd2 Nc6 11. 0-0-0 Nb6 12. Bd3 a5 13. Kb1 Bd7 14. h4 Rfc8 15. Ng5 h6 16. Nf3 Nc4 17. Bxc4 Qxc4 18. g4 b5 19. g5 h5 20. f5 b4 21. Na4 Rab8 22. b3 Qe4 23. Nc5 Qxf3 24. Nxd7 Rb7 25. Nf6+ Kf8 26. g6 Nxe5 27. Rhf1 Qc3 28. Nh7+ Kg8 29. gxf7+ Rxf7 30. Qxc3 bxc3 31. Ng5 Rxf5 32. Rxf5 exf5 33. Rxd5 Ng6 34. Rxf5 Rf8 35. Rxf8+ Kxf8 36. Nf3 Ke7 37. a3 Kd6 38. Ka2 Kd5 39. b4 axb4 40. axb4 Ke4 41. Ng5+ Kd5 42. Kb3 Nxh4 43. Kxc3 Ng6 44. Kb3 h4 45. c4+ Kc6 46. b5+ Kb7 47. c5 Nf4 48. Kc4 h3 49. c6+ Kb6 50. Nf3 g5 0-1

[Event "Titled Tuesday intern op 21st April"]
[Site "Chess.com INT"]
[Date "2020.04.21"]
[Round "5"]
[White "Kane, Hary"]
[Black "Sethuraman, SP."]
[Result "0-1"]
[WhiteElo "2675"]
[BlackElo "2644"]
[PlyCount "174"]
[EventDate "2020.04.21"]
[EventType "swiss (blitz)"]
[EventRounds "10"]
[EventCountry "USA"]
[SourceTitle "EXT 2021"]
[Source "ChessBase"]
[SourceDate "2020.10.23"]
[SourceVersion "1"]
[SourceVersionDate "2020.10.23"]
[SourceQuality "1"]

1. e4 c5 2. Nf3 d6 3. d4 cxd4 4. Nxd4 Nf6 5. Nc3 a6 6. Bc4 e6 7. Bb3 Nbd7 8. f3 Nc5 9. Be3 b5 10. Qd2 Bd7 11. a4 b4 12. Nd1 a5 13. 0-0 Be7 14. Nf2 0-0 15. Nd3 Qb8 16. Rfd1 Rd8 17. Qf2 Nxb3 18. Nxb3 Rc8 19. Rd2 Bd8 20. Kh1 e5 21. Bg5 h6 22. Bh4 Ra6 23. Nxe5 Be6 24. Nd3 Qa8 25. Nd4 Bd7 26. b3 Qa7 27. Nf5 Qxf2 28. Bxf2 Bxf5 29. exf5 Nd5 30. Nc5 dxc5 31. Rxd5 Bf6 32. Rad1 c4 33. h3 cxb3 34. cxb3 Rc3 35. R1d3 Rac6 36. Kh2 Rxd3 37. Rxd3 Rc3 38. Rd5 Rxb3 39. Rxa5 Rb1 40. Rb5 b3 41. a5 b2 42. a6 Ra1 43. a7 Be5+ 44. g3 Kh7 45. f4 Bc3 46. Kg2 Ra2 47. Kf3 Ra1 48. Ke4 Be1 49. Bc5 Bc3 50. Kd3 Bf6 51. Kc2 Rc1+ 52. Kd2 Rxc5 53. Rxc5 b1Q 54. a8Q Qb2+ 55. Rc2 Qd4+ 56. Kc1 Qe3+ 57. Kb1 Qb3+ 58. Kc1 Qxg3 59. Qg2 Qxf4+ 60. Kd1 Qxf5 61. Qe2 Qxh3 62. Rd2 Qf5 63. Qd3 Qxd3 64. Rxd3 h5 65. Ke2 Kh6 66. Kf3 g5 67. Rd6 Kg6 68. Ra6 g4+ 69. Kg3 Kf5 70. Ra5+ Kg6 71. Kf4 Bh4 72. Ra7 f6 73. Ra6 Bg5+ 74. Kg3 Be3 75. Ra5 Bd4 76. Rd5 Be5+ 77. Kh4 g3 78. Kh3 Kg5 79. Rd8 f5 80. Rg8+ Kf4 81. Kh4 Kf3 82. Kxh5 g2 83. Rg5 f4 84. Kg6 Bd4 85. Kf5 g1Q 86. Rxg1 Bxg1 87. Ke5 Be3 0-1

[Event "Titled Tuesday intern op 21st April"]
[Site "Chess.com INT"]
[Date "2020.04.21"]
[Round "7"]
[White "Kane, Hary"]
[Black "Tsvetkov, Andrey1111"]
[Result "1-0"]
[WhiteElo "2677"]
[BlackElo "2358"]
[PlyCount "59"]
[EventDate "2020.04.21"]
[EventType "swiss (blitz)"]
[EventRounds "10"]
[EventCountry "USA"]
[SourceTitle "EXT 2021"]
[Source "ChessBase"]
[SourceDate "2020.10.23"]
[SourceVersion "1"]
[SourceVersionDate "2020.10.23"]
[SourceQuality "1"]

1. e4 c5 2. Nf3 d6 3. d4 cxd4 4. Nxd4 Nf6 5. Nc3 a6 6. Bc4 e6 7. Bb3 b5 8. f3 Be7 9. Be3 Qc7 10. Qd2 Nbd7 11. Bxe6 fxe6 12. Nxe6 Qc4 13. Nxg7+ Kf7 14. Nf5 Ne5 15. Nxe7 Kxe7 16. Bg5 Be6 17. Rd1 Rad8 18. b3 Qc5 19. Be3 Qc7 20. 0-0 Rhg8 21. Kh1 Rg6 22. f4 Neg4 23. f5 Nxe3 24. Qxe3 Ng4 25. Qh3 Rf8 26. fxg6 hxg6 27. Qh7+ Rf7 28. Rxf7+ Bxf7 29. Nd5+ Kf8 30. Qh8+ 1-0

[Event "Titled Tuesday intern op 6th Nov"]
[Site "Chess.com INT"]
[Date "2018.11.06"]
[Round "2"]
[White "Kane, Hary"]
[Black "Haznedaroglu, Kivanc"]
[Result "1-0"]
[WhiteElo "2586"]
[BlackElo "2466"]
[PlyCount "71"]
[EventDate "2018.11.06"]
[EventType "swiss (blitz)"]
[EventRounds "10"]
[EventCountry "USA"]
[SourceTitle "EXT 2021"]
[Source "ChessBase"]
[SourceDate "2020.10.23"]
[SourceVersion "1"]
[SourceVersionDate "2020.10.23"]
[SourceQuality "1"]

1. e4 c5 2. Nf3 Nc6 3. d4 cxd4 4. Nxd4 Qb6 5. Nb3 Nf6 6. Bd3 e6 7. Qe2 Qc7 8. Nc3 a6 9. Bd2 d6 10. 0-0 Be7 11. Rae1 0-0 12. f4 b5 13. Rf3 b4 14. Nd1 a5 15. e5 dxe5 16. fxe5 Ng4 17. Bxh7+ Kxh7 18. Rh3+ Kg8 19. Qxg4 f5 20. exf6 Bxf6 21. Qh5 a4 22. Nc5 Nd4 23. Ne4 Bb7 24. Qh7+ Kf7 25. Nxf6 Kxf6 26. Rh6+ Kf7 27. Rf1+ Nf5 28. Qg6+ Kg8 29. Qxe6+ Qf7 30. Rxf5 Qxe6 31. Rxf8+ Rxf8 32. Rxe6 Bd5 33. Re1 Bxa2 34. Bxb4 Rc8 35. Nc3 Bf7 36. Ra1 1-0

[Event "Titled Tuesday intern op 3rd April"]
[Site "Chess.com INT"]
[Date "2018.04.03"]
[Round "1"]
[White "Gratz, Glen"]
[Black "Kane, Hary"]
[Result "0-1"]
[WhiteElo "2206"]
[BlackElo "2434"]
[PlyCount "34"]
[EventDate "2018.04.03"]
[EventType "swiss (blitz)"]
[EventRounds "10"]
[EventCountry "USA"]
[SourceTitle "EXT 2021"]
[Source "ChessBase"]
[SourceDate "2020.10.23"]
[SourceVersion "1"]
[SourceVersionDate "2020.10.23"]
[SourceQuality "1"]

1. e4 e6 2. d4 d5 3. Nc3 Bb4 4. e5 c5 5. a3 Bxc3+ 6. bxc3 Ne7 7. Bd3 Nbc6 8. Qg4 Qc7 9. Bb2 Bd7 10. Qxg7 0-0-0 11. Qxf7 Rdf8 12. Qh5 cxd4 13. cxd4 Qa5+ 14. Kd1 Rxf2 15. Nf3 Rf8 16. Rf1 R8xf3 17. gxf3 Qd2# 0-1

[Event "Titled Tuesday intern op 1st Aug"]
[Site "Chess.com INT"]
[Date "2017.08.01"]
[Round "2"]
[White "Bryakin, Mikhail"]
[Black "Kane, Hary"]
[Result "1-0"]
[WhiteElo "2391"]
[BlackElo "2270"]
[PlyCount "107"]
[EventDate "2017.08.01"]
[EventType "swiss (blitz)"]
[EventRounds "10"]
[EventCountry "USA"]
[SourceTitle "EXT 2021"]
[Source "ChessBase"]
[SourceDate "2020.10.23"]
[SourceVersion "1"]
[SourceVersionDate "2020.10.23"]
[SourceQuality "1"]

1. d4 e6 2. c4 Nf6 3. Nf3 c5 4. g3 cxd4 5. Nxd4 d5 6. Bg2 Bb4+ 7. Bd2 Bxd2+ 8. Nxd2 0-0 9. 0-0 e5 10. N4f3 Nc6 11. cxd5 Nxd5 12. Nc4 Re8 13. Nfxe5 Nxe5 14. Qxd5 Nxc4 15. Qxc4 Qb6 16. b3 Be6 17. Qh4 Rad8 18. Be4 h6 19. Bd3 Bd5 20. Rac1 Qd6 21. Qd4 Qe6 22. Qxa7 Qh3 23. f3 h5 24. Qa4 g5 25. Qb4 g4 26. Be4 h4 27. Bxd5 Rxd5 28. Qxg4+ Qxg4 29. fxg4 Rxe2 30. Rf2 Rxf2 31. Kxf2 Rd2+ 32. Kf3 hxg3 33. Kxg3 Rxa2 34. Rc7 b5 35. Rb7 Ra5 36. h4 Kg7 37. Kf4 Kg6 38. b4 Ra1 39. Rxb5 Rf1+ 40. Kg3 Rb1 41. Rb6+ Kg7 42. h5 Kh7 43. Kh4 Kg7 44. Kg5 f6+ 45. Rxf6 Rxb4 46. h6+ Kh7 47. Rf7+ Kh8 48. Ra7 Rb6 49. Kh5 Rc6 50. g5 Rb6 51. Ra8+ Kh7 52. g6+ Rxg6 53. Ra7+ Rg7 54. Rxg7+ 1-0

[Event "Titled Tuesday intern op 1st Aug"]
[Site "Chess.com INT"]
[Date "2017.08.01"]
[Round "5"]
[White "Della Morte, German"]
[Black "Kane, Hary"]
[Result "1-0"]
[WhiteElo "2329"]
[BlackElo "2281"]
[PlyCount "73"]
[EventDate "2017.08.01"]
[EventType "swiss (blitz)"]
[EventRounds "10"]
[EventCountry "USA"]
[SourceTitle "EXT 2021"]
[Source "ChessBase"]
[SourceDate "2020.10.23"]
[SourceVersion "1"]
[SourceVersionDate "2020.10.23"]
[SourceQuality "1"]

1. e4 e6 2. d4 d5 3. Nd2 Nf6 4. e5 Nfd7 5. Bd3 c5 6. c3 Nc6 7. Ne2 Qb6 8. 0-0 cxd4 9. cxd4 Nxd4 10. Nxd4 Qxd4 11. Nf3 Qb6 12. Bf4 Nc5 13. Bc2 Bd7 14. Ng5 Be7 15. Qh5 g6 16. Qh6 Qxb2 17. Qg7 Rf8 18. Rac1 Bb5 19. Rfe1 0-0-0 20. Nxf7 Rd7 21. Qxh7 Kb8 22. Bxg6 Qb4 23. Bh6 Rc8 24. Rb1 Qa5 25. h4 Bd8 26. Bg5 Bb6 27. Qh6 Ne4 28. Bxe4 dxe4 29. Nd6 Qxa2 30. Be3 Bd3 31. Nxc8 Bxb1 32. Nxb6 axb6 33. Qf8+ Ka7 34. Qb4 Bd3 35. Bxb6+ Ka6 36. Bd4 Bb5 37. Ra1 1-0

[Event "Titled Tuesday intern op 1st Aug"]
[Site "Chess.com INT"]
[Date "2017.08.01"]
[Round "4"]
[White "Kane, Hary"]
[Black "Mejia, Cherry Ann"]
[Result "1-0"]
[WhiteElo "2286"]
[BlackElo "2396"]
[PlyCount "139"]
[EventDate "2017.08.01"]
[EventType "swiss (blitz)"]
[EventRounds "10"]
[EventCountry "USA"]
[SourceTitle "EXT 2021"]
[Source "ChessBase"]
[SourceDate "2020.10.23"]
[SourceVersion "1"]
[SourceVersionDate "2020.10.23"]
[SourceQuality "1"]

1. e4 c5 2. Nf3 Nc6 3. d4 cxd4 4. Nxd4 Qb6 5. Nb3 Nf6 6. Bd3 e6 7. 0-0 a6 8. Qe2 h5 9. Nc3 Ng4 10. h3 Nge5 11. Be3 Qc7 12. f4 Ng6 13. Rae1 b5 14. Nc5 Na5 15. b4 Nb7 16. e5 Ne7 17. Be4 Nc6 18. f5 Qxe5 19. fxe6 fxe6 20. Bg6+ Kd8 21. Nxb7+ Bxb7 22. Bb6+ Kc8 23. Qxe5 Nxe5 24. Rxe5 Bxb4 25. Ne2 Bd6 26. Re3 Bd5 27. Bd4 Rh6 28. Be4 Bxe4 29. Rxe4 Rg6 30. Be5 Bc5+ 31. Bd4 Bd6 32. Nf4 Bxf4 33. Rexf4 Kc7 34. Rf7 Rg8 35. Bb2 Kc6 36. Rd1 d6 37. Ba3 e5 38. Bb2 Re6 39. Rf5 g5 40. Rdf1 Rgg6 41. Rf8 e4 42. R8f6 d5 43. Rxg6 Rxg6 44. Rf6+ Rxf6 45. Bxf6 g4 46. Bd4 b4 47. Kf2 Kb5 48. hxg4 hxg4 49. Kg3 Kc4 50. Bb2 d4 51. Kxg4 d3 52. cxd3+ Kxd3 53. Bc1 e3 54. Kf3 e2 55. Kf2 Kc2 56. Kxe2 Kxc1 57. g4 Kb2 58. g5 Kxa2 59. g6 b3 60. g7 b2 61. g8Q+ Ka1 62. Qg7 Ka2 63. Qf7+ Ka1 64. Qf6 Ka2 65. Qxa6+ Kb1 66. Kd3 Kc1 67. Qc4+ Kb1 68. Kc3 Ka1 69. Qa4+ Kb1 70. Qc2+ 1-0

[Event "Titled Tuesday intern op 1st Aug"]
[Site "Chess.com INT"]
[Date "2017.08.01"]
[Round "7"]
[White "Kane, Hary"]
[Black "Swayams, Mishra"]
[Result "1/2-1/2"]
[WhiteElo "2294"]
[BlackElo "2455"]
[PlyCount "147"]
[EventDate "2017.08.01"]
[EventType "swiss (blitz)"]
[EventRounds "10"]
[EventCountry "USA"]
[SourceTitle "EXT 2021"]
[Source "ChessBase"]
[SourceDate "2020.10.23"]
[SourceVersion "1"]
[SourceVersionDate "2020.10.23"]
[SourceQuality "1"]

1. e4 e6 2. d4 d5 3. Nd2 Be7 4. e5 c5 5. c3 Nc6 6. Ngf3 f6 7. exf6 Nxf6 8. Bd3 0-0 9. 0-0 Qb6 10. Re1 cxd4 11. cxd4 Nxd4 12. Nxd4 Qxd4 13. Nf3 Qg4 14. h3 Qb4 15. a3 Qb6 16. Be3 Qd8 17. Bd4 Bd7 18. Ng5 Rc8 19. Nxe6 Bxe6 20. Rxe6 Bc5 21. Bxc5 Rxc5 22. Qe2 Rc7 23. Re1 a6 24. Qe5 Rcf7 25. f3 Qa5 26. Bf5 Nd7 27. Qd6 Nc5 28. Qxd5 Rxf5 29. R6e5+ Kh8 30. b4 Rxe5 31. Rxe5 Qxa3 32. Qxc5 Rg8 33. Re7 b5 34. h4 h6 35. h5 a5 36. Qxb5 axb4 37. Rb7 Qe3+ 38. Kh2 Qf4+ 39. Kg1 Qd4+ 40. Kh2 Qh4+ 41. Kg1 Rc8 42. Rb8 Qd4+ 43. Kf1 Qd1+ 44. Kf2 Qd2+ 45. Kf1 Rxb8 46. Qxb8+ Kh7 47. Qb5 Qc1+ 48. Kf2 Qc2+ 49. Ke3 b3 50. Qd3+ Qxd3+ 51. Kxd3 Kg8 52. Kc3 Kf7 53. Kxb3 Kf6 54. Kc3 Kg5 55. Kd4 Kxh5 56. Ke5 Kh4 57. Kf4 g6 58. g3+ Kh3 59. g4 Kg2 60. Ke4 Kg3 61. Ke3 h5 62. gxh5 gxh5 63. f4 Kg4 64. f5 Kxf5 65. Kf3 Kg5 66. Kg3 h4+ 67. Kh3 Kh5 68. Kh2 Kg4 69. Kg2 h3+ 70. Kh2 Kh4 71. Kh1 Kg3 72. Kg1 h2+ 73. Kh1 Kf2 74. Kxh2 1/2-1/2

[Event "Titled Tuesday intern op 1st Aug"]
[Site "Chess.com INT"]
[Date "2017.08.01"]
[Round "1"]
[White "Krzyzanowski, Marcin"]
[Black "Kane, Hary"]
[Result "1-0"]
[WhiteElo "2464"]
[BlackElo "2273"]
[PlyCount "93"]
[EventDate "2017.08.01"]
[EventType "swiss (blitz)"]
[EventRounds "10"]
[EventCountry "USA"]
[SourceTitle "EXT 2021"]
[Source "ChessBase"]
[SourceDate "2020.10.23"]
[SourceVersion "1"]
[SourceVersionDate "2020.10.23"]
[SourceQuality "1"]

1. e4 e5 2. Nf3 Nc6 3. Bb5 a5 4. 0-0 d6 5. d4 exd4 6. Nxd4 Bd7 7. Nc3 Nf6 8. f4 Be7 9. Nxc6 bxc6 10. Bd3 0-0 11. Qf3 Re8 12. e5 Nd5 13. Nxd5 cxd5 14. Qxd5 Be6 15. Qe4 g6 16. f5 d5 17. Qg4 Bc8 18. e6 Bc5+ 19. Kh1 Bxe6 20. fxe6 Rxe6 21. Bg5 Qe8 22. Bf6 Be7 23. Bxe7 Qxe7 24. Qf3 c6 25. Rf2 Re8 26. Raf1 f5 27. b3 Qg5 28. Qf4 Qf6 29. g4 Re1 30. gxf5 g5 31. Qg3 h6 32. Rxe1 Rxe1+ 33. Kg2 c5 34. Qb8+ Kf7 35. Qc7+ Qe7 36. Qxe7+ Rxe7 37. Re2 Rc7 38. Re5 c4 39. bxc4 dxc4 40. Be4 a4 41. Ra5 g4 42. Kg3 Re7 43. Kf4 h5 44. Bd5+ Kg7 45. Kg5 Rd7 46. f6+ Kh7 47. Be4+ 1-0

[Event "Titled Tuesday intern Qual1 4th April"]
[Site "Chess.com INT"]
[Date "2017.04.04"]
[Round "10"]
[White "Tomb, Maroun"]
[Black "Kane, Hary"]
[Result "0-1"]
[WhiteElo "2133"]
[BlackElo "2397"]
[PlyCount "44"]
[EventDate "2017.04.04"]
[EventType "swiss (blitz)"]
[EventRounds "10"]
[EventCountry "USA"]
[SourceTitle "EXT 2021"]
[Source "ChessBase"]
[SourceDate "2020.10.23"]
[SourceVersion "1"]
[SourceVersionDate "2020.10.23"]
[SourceQuality "1"]

1. e4 e6 2. d4 d5 3. Nd2 Nf6 4. e5 Nfd7 5. f4 c5 6. c3 Nc6 7. Ndf3 cxd4 8. cxd4 Bb4+ 9. Kf2 0-0 10. Bd3 f6 11. Kg3 fxe5 12. fxe5 Be7 13. h4 b6 14. Bxh7+ Kxh7 15. Ng5+ Kg8 16. Qh5 Bxg5 17. hxg5 Rf5 18. Nf3 Nf8 19. Be3 Ne7 20. Qh8+ Kf7 21. g6+ Nexg6 22. Rh7 Nxh8 0-1

[Event "Titled Tuesday intern op 7th March"]
[Site "Chess.com INT"]
[Date "2017.03.07"]
[Round "1"]
[White "Kane, Hary"]
[Black "Ivic, Velimir"]
[Result "1-0"]
[WhiteElo "2283"]
[BlackElo "2322"]
[PlyCount "49"]
[EventDate "2017.03.07"]
[EventType "swiss (blitz)"]
[EventRounds "11"]
[EventCountry "USA"]
[SourceTitle "EXT 2021"]
[Source "ChessBase"]
[SourceDate "2020.10.23"]
[SourceVersion "1"]
[SourceVersionDate "2020.10.23"]
[SourceQuality "1"]

1. e4 c5 2. Nf3 e6 3. d4 cxd4 4. Nxd4 Nf6 5. Bd3 Nc6 6. Nb3 d5 7. exd5 Nxd5 8. 0-0 Be7 9. Qh5 Ncb4 10. Rd1 Nxd3 11. Rxd3 Qc7 12. Nc3 Nb4 13. Rg3 g6 14. Qh6 Nxc2 15. Bf4 e5 16. Qg7 Rf8 17. Bxe5 Qc4 18. Rd1 Be6 19. Rgd3 Nb4 20. Rd4 Qc8 21. Nb5 Nc6 22. Nc7+ Qxc7 23. Bxc7 Nxd4 24. Qxd4 Rc8 25. Qa4+ 1-0